000 00736nam a2200253Ia 4500
003 OSt
005 20221005041042.0
006 a|||||r|||| 00| 0
007 ta
008 221004b |||||||| |||| 00| 0 eng d
020 _a0195632389 (pbk)
024 _a122218
037 _bGift, 26/10/2012,
_cTextual
040 _aCRL
_cCRL
_beng
041 _2eng
_aeng
082 _aX.2, N4
100 _aEswaran Mukesh
245 0 _aWhy poverty persists in India
_b A framework for understanding the Indian economy
260 _aDelhi
_bOxford University Press India
_c1994
300 _a128p.
_ccm.
650 _aECONOMICS
942 _hX.2, N4
_cTEXL
_2cc
999 _c947907
_d947907